Alle Länder mit Krokodilen - Statistiken

Allgemein
  • Dieses Quiz wurde 106 mal gespielt
  • Das Durchschnittsergebnis liegt bei 73 aus 92
Antwortstatistiken
Kontinent Antwort % Korrekt
AU Australien
100%
AMN Mexiko
98%
AMN Vereinigte Staaten
98%
AMS Argentinien
96%
AMS Brasilien
95%
AMN Kuba
93%
AMS Kolumbien
92%
AS China
91%
AS Indien
90%
AMN Panama
90%
AMS Peru
89%
AFR Südafrika
89%
AS Thailand
89%
AMS Venezuela
89%
AMS Bolivien
87%
AS Indonesien
87%
AMN Jamaika
87%
AFR Kongo
87%
AMS Uruguay
87%
AFR Ägypten
86%
AMN Costa Rica
86%
AFR Kenia
86%
AMN Guatemala
85%
AMN Haiti
85%
AFR Niger
85%
AMS Guyana
84%
AFR Angola
82%
AFR Nigeria
82%
Au Papua Neuguinea
82%
AMS Paraguay
82%
AS Philippinen
82%
AFR Sudan
82%
AMS Suriname
82%
AMN Belize
81%
AFR Tansania
81%
AS Vietnam
81%
AMN Dominikanische Republik
80%
AFR Guinea
80%
AFR Namibia
80%
AS Pakistan
80%
AFR Marokko
79%
AS Myanmar
79%
AFR Somalia
79%
AFR Uganda
79%
AS Bangladesch
78%
AMN Barbados
78%
AMN El Salvador
78%
AFR Ghana
78%
AFR Mali
78%
AFR Mosambik
78%
AFR Senegal
78%
AFR Südsudan
78%
AFR Togo
78%
AMN Bahamas
77%
AMN Nicaragua
77%
AFR Tschad
77%
AFR Zentralafrikanische Republik
77%
AFR Äthiopien
76%
AFR Botswana
76%
AFR Elfenbeinküste
76%
AFR Gambia
76%
AFR Kamerun
76%
AS Malaysia
76%
AFR Eritrea
75%
AS Kambodscha
75%
AFR Ruanda
75%
AFR Benin
74%
AFR Madagaskar
74%
AFR Sambia
74%
AFR Simbabwe
74%
AFR Äquatorial-Guinea
71%
AFR Dschibuti
71%
AFR Gabun
71%
AFR Guinea-Bissau
71%
AMN Dominica
70%
AMN Sankt Lucia
70%
AS Singapur
70%
AS Sri Lanka
70%
AS Bhutan
69%
AS Brunei
69%
AFR Mauretanien
69%
AFR Burkina Faso
68%
AMN Sankt Vincent und die Grenadinen
68%
AFR Sierra Leone
68%
EU Frankreich
67%
AMN Sankt Kitts und Nevis
67%
AFR Burundi
66%
AMN Grenada
66%
AMN Antigua und Barbuda
65%
AFR Liberia
65%
AFR Malawi
63%
AS Osttimor
62%
Keine übereinstimmenden Quizze gefunden
Verteilung der Resultate
Anzahl Personen mit jedem Resultat
Perzentil nach korrekt beantworteten Fragen
Ihre Resultats-Entwicklung
Sie haben dieses Quiz noch nicht gespielt